Krize eurozóny: současný stav a perspektivy souhrnná publikace z vědeckopopularizačního semináře dne 22. listopadu 2013 v Moravském zemském muzeu v Brně

Enregistré dans:
Détails bibliographiques
Collectivité auteur: Krize eurozóny: současný stav a perspektivy. Vědeckopopularizační seminář
Format: Livre
Langue:tchèque
Publié: Brno Newton College 2013
Sujets:
Tags: Ajouter un tag
Pas de tags, Soyez le premier à ajouter un tag!

MARC

LEADER 00000nam a2200000 4500
001 0182939
005 20251028093905.1
020 |a 978-80-87764-01-5 
041 0 |a cze 
044 |a CZ 
245 1 0 |a Krize eurozóny: současný stav a perspektivy  |b souhrnná publikace z vědeckopopularizačního semináře dne 22. listopadu 2013 v Moravském zemském muzeu v Brně 
264 1 |a Brno  |b Newton College  |c 2013 
300 |a 160 s. 
610 2 0 |a eurozóna 
610 2 0 |a kríza hospodárska 
610 2 0 |a kríza finančná 
610 2 0 |a opatrenia 
610 2 0 |a prognózy 
610 2 0 |a Európska únia 
610 2 0 |a Európa 
110 2 |a Krize eurozóny: současný stav a perspektivy. Vědeckopopularizační seminář